LEADER 03284nam 2200613Ia 450 001 9910462543103321 005 20200520144314.0 010 $a1-59332-687-4 035 $a(CKB)2670000000271323 035 $a(EBL)1057817 035 $a(OCoLC)818818830 035 $a(SSID)ssj0000756357 035 $a(PQKBManifestationID)11409864 035 $a(PQKBTitleCode)TC0000756357 035 $a(PQKBWorkID)10750489 035 $a(PQKB)11220889 035 $a(MiAaPQ)EBC1057817 035 $a(Au-PeEL)EBL1057817 035 $a(CaPaEBR)ebr10622770 035 $a(EXLCZ)992670000000271323 100 $a20110505d2011 uy 0 101 0 $aeng 135 $aur|n|---||||| 181 $ctxt 182 $cc 183 $acr 200 10$aMexican labor migrants and U.S. immigration policies$b[electronic resource] $efrom sojourner to emigrant? /$fFlorian K. Kaufmann 210 $aEl Paso [Tex.] $cLFB Scholarly Pub.$d2011 215 $a1 online resource (230 p.) 225 1 $aThe new Americans : recent immigration and American society 300 $aDescription based upon print version of record. 311 $a1-59332-469-3 320 $aIncludes bibliographical references and index. 327 $aCONTENTS; List of Tables; List of Figures; Acknowledgments; Chapter 1: U.S. Immigration Policy: Attracting Permanent, Undocumented Mass Migration?; Chapter 2: Social Network Assistance in Mexico - U.S. Migration; Chapter 3: Emigrant or Sojourner? Migration Intensity and Its Determinants; Chapter 4: A Comprehensive Model of International Migration Behavior; Chapter 5: The Impact of U.S. Border Enforcement; Chapter 6: Mutually Beneficial Immigration Policies: A Utopia?; Appendix A: Data Appendix; Appendix B: Mathematical Appendix; Appendix C: Additional Tables and Figures 327 $aAppendix D: Additional Specifications and Robustness TestsReferences; Index 330 $aKaufmann studies the migration behavior of Mexican labor migrants to the U.S. He develops the concept of migration intensity, defined as the degree to which a migrant shifts his attachment, association and engagement from the place of origin to the migration destination. Migration intensity is as important as the original decision to migrate. For example, stricter border enforcement deters immigration but also has an unintended intensification effect whereby stricter border controls lead migrants to make fewer return trips, prolong total U.S. time, reduce remittances and move dependents to the 410 0$aNew Americans (LFB Scholarly Publishing LLC) 606 $aForeign workers$zUnited States 606 $aMexicans$zUnited States 607 $aUnited States$xEmigration and immigration$xEconomic aspects 607 $aMexico$xEmigration and immigration$xEconomic aspects 607 $aUnited States$xEmigration and immigration$xGovernment policy 608 $aElectronic books. 615 0$aForeign workers 615 0$aMexicans 676 $a331.5/440973 700 $aKaufmann$b Florian K$g(Florian Kristof),$f1979-$0984548 801 0$bMiAaPQ 801 1$bMiAaPQ 801 2$bMiAaPQ 906 $aBOOK 912 $a9910462543103321 996 $aMexican labor migrants and U.S. immigration policies$92249694 997 $aUNINA LEADER 02093nam0 22004453i 450 001 LO10095679 005 20251003044207.0 020 $aIT$b80-3370 100 $a20020927d1978 ||||0itac50 ba 101 | $aita 102 $ait 181 1$6z01$ai $bxxxe 182 1$6z01$an 183 1$6z01$anc$2RDAcarrier 200 1 $aAutoregolamentazione dello sciopero$fGianni Arrigo, Angelo Pandolfo 210 $aRoma$cEL$dstampa 1978 215 $a103 p.$d19 cm. 225 | $aInterventi$v1 410 0$1001CFI0000187$12001 $aInterventi$v1 606 $aSciopero$2FIR$3CFIC011582$9I 676 $a331.892$9SCIOPERI$v21 676 $a331.892 01$9$v20 676 $a331.89201$9TEORIA DELLO SCIOPERO$v19 676 $a331.89201$9TEORIA DELLO SCIOPERO$v20 676 $a344.4501892$9DIRITTO DEL LAVORO. Italia. Sciopero$v23 686 $aIT/4422.3$cPUBBLICA AMMINISTRAZIONE ITALIA 1968-1989$2R 686 $aIT/4436.0$cLAVORO SINDACATI DEI LAVORATORI ITALIA 1968-1989$2R 686 $aIT/4436.8$cORGANIZZAZIONI SINDACALI E ALTRE ITALIA 1968-1989$2R 686 $aIT/4438.0$cCLASSI E CETI SOCIALI CONFLITTUALITA SOCIALE ITALIA 1968-1989$2R 700 1$aArrigo$b, Gianni$3CFIV028043$4070$0120433 701 1$aPandolfo$b, Angelo$3CFIV012203$4070$0249069 801 3$aIT$bIT-000000$c20020927 850 $aIT-BN0095 $aIT-NA0079 901 $bNAP BN$cA $nComprende volumi con collocazioni per formato catalogati prima del 1987. La consegna del doc. é effettuata dall'Uff. Distribuzione. 901 $bNAP 01$cPOZZO LIB.$nVi sono collocati fondi di economia, periodici di ingegneria e scienze, periodici di economia e statistica e altri fondi comprendenti documenti di economia pervenuti in dono. 912 $aLO10095679 950 0$aBiblioteca Centralizzata di Ateneo$c1 v.$d 01POZZO LIB.F. SANTI 22$e 0101 0060028505E VMA 1 v. (Precedente collocazione S 82)$fB $h20221103$i20221103 977 $a 01$a BN 996 $aAutoregolamentazione dello sciopero$92950753 997 $aUNISANNIO